Normal view
MARC view
Entry Personal Name
001 - CONTROL NUMBER
- control field: 77393
003 - CONTROL NUMBER IDENTIFIER
- control field: dpl
005 - DATE AND TIME OF LATEST TRANSACTION
- control field: 20250204132332.0
008 - FIXED-LENGTH DATA ELEMENTS
- fixed length control field: 250204|| aca||aabn | a|a d
040 ## - CATALOGING SOURCE
- Original cataloging agency: dpl
- Transcribing agency: dpl
100 ## - HEADING--PERSONAL NAME
- Personal name: सोढ़ानी,अरविन्द
670 ## - SOURCE DATA FOUND
- Source citation: Work cat.: (dpl)142908: सोढ़ानी,अरविन्द, गर्भावस्था शिशु का पालन पोषण/, 2017
